Legal Foundations 2011/12 / (Record no. 8522)

MARC details
000 -LEADER
fixed length control field 00541nam a22001937a 4500
003 - CONTROL NUMBER IDENTIFIER
control field OSt
005 - DATE AND TIME OF LATEST TRANSACTION
control field 20170806120313.0
008 - FIXED-LENGTH DATA ELEMENTS--GENERAL INFORMATION
fixed length control field 170806b xxu||||| |||| 00| 0 eng d
020 ## - INTERNATIONAL STANDARD BOOK NUMBER
International Standard Book Number 9781907624933
040 ## - CATALOGING SOURCE
Original cataloging agency LDCLIB
Transcribing agency LDCLIB
082 ## - DEWEY DECIMAL CLASSIFICATION NUMBER
Edition number 22
Classification number 349.42
Item number LEG
245 ## - TITLE STATEMENT
Title Legal Foundations 2011/12 /
Statement of responsibility, etc Bamford,Keir…[et al].
260 ## - PUBLICATION, DISTRIBUTION, ETC. (IMPRINT)
Place of publication, distribution, etc Guildford :
Name of publisher, distributor, etc College of law publishing,
Date of publication, distribution, etc 2011.
300 ## - PHYSICAL DESCRIPTION
Extent xxx, 435 p. ;
Dimensions 29 cm.
500 ## - GENERAL NOTE
General note Includes Index
650 ## - SUBJECT ADDED ENTRY--TOPICAL TERM
Topical term or geographic name as entry element Legal Foundations 2011
700 ## - ADDED ENTRY--PERSONAL NAME
Personal name Bamford, Keir.
942 ## - ADDED ENTRY ELEMENTS (KOHA)
Source of classification or shelving scheme Dewey Decimal Classification
Koha item type Books
Holdings
Withdrawn status Lost status Damaged status Not for loan Home library Current library Shelving location Date acquired Total Checkouts Full call number Barcode Date last seen Price effective from Koha item type
        Law Development Centre Main Library Law Development Centre Main Library Text Books and Laws 08/06/2017   349.42 LEG 4378/2013 08/06/2017 08/06/2017 Books
        Law Development Centre Main Library Law Development Centre Main Library Text Books and Laws 08/06/2017   349.42 LEG 4376/3013 08/06/2017 08/06/2017 Books